Eastern Utah Libraries Catalog: Duchesne, Heber, Roosevelt, & Vernal

Frozen in time (Record no. 285328)

MARC details
000 -LEADER
fixed length control field 01182ngm a2200361 4500
005 - DATE AND TIME OF LATEST TRANSACTION
control field 20231130123720.0
007 - PHYSICAL DESCRIPTION FIXED FIELD--GENERAL INFORMATION
fixed length control field vd cvaizs
008 - FIXED-LENGTH DATA ELEMENTS--GENERAL INFORMATION
fixed length control field 140404s2014 xxu e vleng d
024 1# - OTHER STANDARD IDENTIFIER
Standard number or code 796019828727 (videodisc)
035 ## - SYSTEM CONTROL NUMBER
System control number (OCoLC)
040 ## - CATALOGING SOURCE
Original cataloging agency MMLLC
Language of cataloging eng
Transcribing agency MMLLC
Description conventions rda
082 0# - DEWEY DECIMAL CLASSIFICATION NUMBER
Classification number [FIC]
Edition number 23
092 ## - LOCALLY ASSIGNED DEWEY CALL NUMBER (OCLC)
Classification number EDVD
Item number Fro
245 00 - TITLE STATEMENT
Title Frozen in time
250 ## - EDITION STATEMENT
Edition statement Widescreen ed.
260 ## - PUBLICATION, DISTRIBUTION, ETC. (IMPRINT)
Place of publication, distribution, etc Santa Monica, Calif.
Name of publisher, distributor, etc Arc Entertainment ,
Date of publication, distribution, etc [2014].
264 ## - Production, Publication, Distribution, Manufacture, and Copyright Notice.
Place of production, publication, distribution, manufacture Santa Monica, Calif.
Name of producer, publisher, distributor, manufacturer Arc Entertainment ,
Date of production, publication, distribution, manufacture, or copyr [2014].
300 ## - PHYSICAL DESCRIPTION
Extent 1 videodisc (46 min.) :
Other physical details sound, color ;
Dimensions 4 3/4 in.
336 ## - Content Type
Content type term two-dimensional moving image
337 ## - Media type
Media type term video
338 ## - Carrier type
Carrier type term videodisc
508 ## - CREATION/PRODUCTION CREDITS NOTE
Creation/production credits note directed by Alex Leung.
511 1# - PARTICIPANT OR PERFORMER NOTE
Participant or performer note Ed Asner, Mira Sorvino, Drake Bell.
520 ## - SUMMARY, ETC.
Summary, etc "It's snow time!"
521 ## - TARGET AUDIENCE NOTE
Target audience note Rating: not rated.
538 ## - SYSTEM DETAILS NOTE
System details note DVD, widescreen, NTSC.
546 ## - LANGUAGE NOTE
Language note English audio, Closed-captioned.
700 1# - ADDED ENTRY--PERSONAL NAME
Personal name Leung, Alex ,
Relator term director.
9 (RLIN) 5893802
700 ## - ADDED ENTRY--PERSONAL NAME
Personal name Asner, Ed ,
Relator term voice actor.
9 (RLIN) 5893803
710 ## - ADDED ENTRY--CORPORATE NAME
Corporate name or jurisdiction name as entry element ARC Entertainment (Firm).
9 (RLIN) 5810268
942 ## - ADDED ENTRY ELEMENTS (KOHA)
Koha item type DVD
Source of classification or shelving scheme Dewey Decimal Classification
948 ## - LOCAL PROCESSING INFORMATION (OCLC); SERIES PART DESIGNATOR (RLIN)
Series part designator, SPT (RLIN) 12/13/2014
z (OCLC) Sirsi
Holdings
Withdrawn status Lost status Source of classification or shelving scheme Damaged status Not for loan Collection code Home library Current library Shelving location Date acquired Source of acquisition Cost, normal purchase price Total Checkouts Total Renewals Full call number Barcode Date last seen Date checked out Cost, replacement price Price effective from Koha item type
    Dewey Decimal Classification     Children Movies Wasatch County Library Wasatch County Library Audio Visual Area 12/15/2014   20.99 38 17 E DVD Fro 34301001400623 01/23/2025 06/07/2024 20.99 03/20/2020 DVD
This project was made possible through a grant from the Institute of Museum and Library Service administered by the Utah State Library Division.

Wasatch County Library

  • 465 East 1200 South, Heber City, Utah 84032
  • Phone 435-654-1511 | Fax 435-654-6456

Hours

  • Monday - Friday 9:30 AM - 8:00 PM
  • Saturday 9:30 AM - 1:30 PM
  • Closed Sundays and Holidays